| 000 | 01239njm a2200277 i 4500 | ||
|---|---|---|---|
| 001 | 5003 | ||
| 003 | ES-MaACL | ||
| 005 | 20250514194701.0 | ||
| 007 | s|r||||||||||| | ||
| 008 | 070907s1983 sp ||| g ||||||||1|nspa d | ||
| 100 | 1 |
_aGarcía Montero, Luis, _d1958- _954978 |
|
| 245 | 1 | 0 |
_aPresentación del libro de poesía "El jardín extranjero" de Luis García Montero _h[Grabación sonora] / _cintervienen Rafael Alberti, Aurora de Albornoz, Fanny Rubio y Luis García Montero. |
| 260 |
_aMadrid : _bAteneo de Madrid, _c1983. |
||
| 300 |
_a1 disco (CD-DA) (53 min. 55 seg.) ; _c12 cm. |
||
| 500 | _aDatos basados en la invitación. | ||
| 500 | _aPremio "Adonais" 1982. | ||
| 518 | _aActo organizado por la Sección de Literatura del Ateneo de Madrid, grabado en el salón de actos el viernes, 27 de mayo de 1983, a las 20:00 h. | ||
| 610 | 2 | 4 |
_aAteneo de Madrid- _xActos culturales- _y1983- _vGrabaciones sonoras. _91897 |
| 700 | 1 |
_aAlberti, Rafael, _d1902-1999 _9240174 |
|
| 700 | 0 |
_aAlbornoz, Aurora de, _d1926-1990 _919411 |
|
| 700 | 1 |
_aRubio, Fanny, _d1949- _9100343 |
|
| 710 | 2 |
_aAteneo de Madrid. _bSección de Literatura. _91997 |
|
| 852 |
_aES-MaACL _jROT 5/6/31 _95120 _cROT |
||
| 942 | _2udc | ||
| 999 |
_c5003 _d5003 |
||